Alle Filme der Film-Reihe Fast & Furious - Statistiken

Allgemein
  • Dieses Quiz wurde 28 mal gespielt
  • Das Durchschnittsergebnis liegt bei 2 aus 11
Antwortstatistiken
Jahr Film % Korrekt
2001 The Fast and the Furious
88%
2003 2 Fast 2 Furious
77%
2006 The Fast and the Furious: Tokyo Drift
27%
2013 Fast & Furious 6
12%
2015 Fast & Furious 7
12%
2017 Fast & Furious 8
12%
2023 Fast & Furious 10
8%
2021 Fast & Furious 9
8%
2019 Fast & Furious: Hobbs & Shaw
4%
2011 Fast & Furious Five
0%
2009 Fast & Furious - Neues Modell. Originalteile.
0%
Keine übereinstimmenden Quizze gefunden
Verteilung der Resultate
Anzahl Personen mit jedem Resultat
Perzentil nach korrekt beantworteten Fragen
Ihre Resultats-Entwicklung
Sie haben dieses Quiz noch nicht gespielt